| 000 | 00466nam a2200157Ia 4500 | ||
|---|---|---|---|
| 005 | 20250620024143.0 | ||
| 008 | 240331s9999 xx 000 0 und d | ||
| 020 | _a9559102168 | ||
| 082 |
_bTHE _a323 |
||
| 100 | _aThennakoon, S | ||
| 245 | 0 | _aSri Lankawe sanskruthiya ha mathawathayapilibanda dheshapalanaya | |
| 260 |
_aColombo _bSocial Scientist Association _c1998 |
||
| 300 | _a89 p ., | ||
| 500 | _aThe politics of Culture and ideology in Sri Lanka | ||
| 942 | _cL | ||
| 999 |
_c2407 _d2407 |
||